000 00463nam a2200193Ia 4500
005 20250423101100.0
008 250422s9999 xx 000 0 und d
020 _a0070204802
050 _aHA 29 .F4/
100 _aFerguson, George A.
245 0 _aTatistical Analysis in Psychology & Education
250 _aFourth Edition
260 _aNew York
260 _bMcGraw-Hill
260 _c1976
300 _a529 p
650 _aStatistics
942 _cBK
999 _c35232
_d35232